000 00552nam a2200241 a 4500
001 nice12345678
003 IN_TiNIC
005 20260116011850.0
008 050524s1980 newa grp 000 0 eng
020 _a
_c95
082 0 0 _a954.0254
_bLAL
100 _aLal, Muni
245 _aAkbar
260 _aNew Delhi
_bVikas Publication House
_c1980
300 _a325p
500 _aincludes index and biblioraphy
505 2 _aIndex
650 _aMughal India-Akbar
700 1 _aLal, Muni
902 _bSRS
942 _cBK
999 _c4556
_d4556